书目信息 |
| 题名: |
城市合流制排水系统改造与溢流控制
|
|
| 作者: | 唐磊, , 程小文 , 张车琼 著 | |
| 分册: | ||
| 出版信息: | 北京 中国建筑工业出版社 2025.01 |
|
| 页数: | 185页 | |
| 开本: | 26cm | |
| 丛书名: | 中规智库 | |
| 单 册: | ||
| 中图分类: | TU992.03 , X52 | |
| 科图分类: | ||
| 主题词: | 城市排水--cheng shi pai shui--排水系统--水污染防治--研究 | |
| 电子资源: | ||
| ISBN: | 978-7-112-30630-5 | |
| 000 | 02089nam 2200337 450 | |
| 001 | 89404 | |
| 005 | 20250814142924.91 | |
| 010 | @a978-7-112-30630-5@dCNY58.00 | |
| 100 | @a20250310d2025 em y0chiy50 ea | |
| 101 | 0 | @achi |
| 102 | @aCN@b110000 | |
| 105 | @aa a 000yy | |
| 106 | @ar | |
| 200 | 1 | @a城市合流制排水系统改造与溢流控制@Acheng shi he liu zhi pai shui xi tong gai zao yu yi liu kong zhi@f唐磊, 程小文, 张车琼著 |
| 210 | @a北京@c中国建筑工业出版社@d2025.01 | |
| 215 | @a185页@c图@d26cm | |
| 225 | 2 | @a中规智库@Azhong gui zhi ku |
| 225 | 2 | @a中国城市规划设计研究院70周年 —— 城镇水务与工程研究分院系列成果@Azhong guo cheng shi gui hua she ji yan jiu yuan 70 zhou nian —— cheng zhen shui wu yu gong cheng yan jiu fen yuan xi lie cheng guo |
| 314 | @a唐磊, 男, 1987年出生, 陕西渭南人, 中国城市规划设计研究院高级工程师, 主要研究方向为城市水系统规划、市政基础设施规划及海绵城市、排水防涝和水环境治理规划设计等。主持完成20多项国家、省、市级各类重点科研课题与规划设计项目, 参与完成专著3部, 以第一作者发表中英文学术论文20余篇。 | |
| 320 | @a有书目 (第171-175页) | |
| 330 | @a本书总结了发达国家开展合流制系统改造与溢流控制的历程和我国合流制排水系统的现状、特征与问题, 分析了我国城市在推进合流制系统改造及溢流控制过程中存在的问题和困境, 结合发达国家相关经验和国内海绵城市建设、黑臭水体治理、污水提质增效等相关工作要求, 提出我国合流制系统改造及溢流控制实施策略与技术路径, 并系统梳理了城市合流制排水系统改造与溢流控制技术措施及其适用条件和规划设计方法, 为我国城市科学合理地制定城市合流制排水系统改造与溢流控制策略与路径、因地制宜针对性选择经济高效的技术措施、进一步优化完善城市排水系统、有效控制合流制溢流污染提供重要支撑。 | |
| 410 | 0 | @12001 @a中规智库 |
| 410 | 0 | @12001 @a中国城市规划设计研究院70周年 —— 城镇水务与工程研究分院系列成果 |
| 606 | 0 | @a城市排水@Acheng shi pai shui@x排水系统@x水污染防治@x研究 |
| 690 | @aTU992.03@v5 | |
| 690 | @aX52@v5 | |
| 701 | 0 | @a唐磊,@Atang lei@f1987-@4著 |
| 701 | 0 | @a程小文@Acheng xiao wen@4著 |
| 701 | 0 | @a张车琼@Azhang che qiong@4著 |
| 801 | 0 | @aCN@c20250909 |
| 905 | @a河南城建学院图书馆@dTU992.03@eT243@f1 | |
| 城市合流制排水系统改造与溢流控制/唐磊, 程小文, 张车琼著.-北京:中国建筑工业出版社,2025.01 |
| 185页:图;26cm.-(中规智库).-(中国城市规划设计研究院70周年 —— 城镇水务与工程研究分院系列成果) |
| ISBN 978-7-112-30630-5:CNY58.00 |
| 本书总结了发达国家开展合流制系统改造与溢流控制的历程和我国合流制排水系统的现状、特征与问题, 分析了我国城市在推进合流制系统改造及溢流控制过程中存在的问题和困境, 结合发达国家相关经验和国内海绵城市建设、黑臭水体治理、污水提质增效等相关工作要求, 提出我国合流制系统改造及溢流控制实施策略与技术路径, 并系统梳理了城市合流制排水系统改造与溢流控制技术措施及其适用条件和规划设计方法, 为我国城市科学合理地制定城市合流制排水系统改造与溢流控制策略与路径、因地制宜针对性选择经济高效的技术措施、进一步优化完善城市排水系统、有效控制合流制溢流污染提供重要支撑。 |
| ● |
| 相关链接 |
|
|
|
正题名:城市合流制排水系统改造与溢流控制
索取号:TU992.03/T243
 
预约/预借
| 序号 | 登录号 | 条形码 | 馆藏地/架位号 | 状态 | 备注 |
| 1 | 1623366 | 216233662 | 建筑库201/201建筑库 135排2列4层/ [索取号:TU992.03/T243] | 在馆 |